| 000 | 00438nam a2200181 i 4500 | ||
|---|---|---|---|
| 001 | bgj | ||
| 100 | 1 | _aL'AMOUR, Louis. | |
| 245 | 1 | 0 |
_aBowdrie's law / _cLouis L'Amour. |
| 260 |
_aNew York etc. : _bBantam Books, _c1984. |
||
| 300 |
_a214 pp ; _c18 cm. |
||
| 650 | 9 | _aWestern stories | |
| 020 | _a0553245503 | ||
| 040 | _cBPK | ||
| 041 | 0 | _aeng | |
| 920 | _a0-553-245503 | ||
| 942 | _cKS | ||
| 008 | s uk f |000 0 eng | ||
| 999 |
_c48340 _d48340 |
||